000 00510nam a2200181Ia 4500
003 GCL
008 140319s9999 xx 000 0 ara d
040 _aGCL /
_cGCL
082 0 4 _aط
_b956.91
_bج ق
100 1 _aجبرا ابراهيم جبرا
245 1 0 _aالقدس /
_cجبرا ابراهيم جبرا
300 _a55 ص
490 _aكتاب التراث الذهبى
_v0
650 0 4 _aالقصص القصيرة
650 0 4 _aالاطفال
650 0 4 _aقصص الاطفال
942 _2ddc
_cBK
999 _c51387
_d51387